LEADER 01084cam0-2200337---450- 001 990005823010403321 005 20140327113859.0 010 $a84-7651-226-0 035 $a000582301 035 $aFED01000582301 035 $a(Aleph)000582301FED01 035 $a000582301 100 $a19990604d1995----km-y0itay50------ba 101 0 $aspa 102 $aES 105 $a--------001yy 200 1 $aJuegos dramáticos de la locura festiva$epastores, simples, bobos y graciosos del teatro clásico español$fAlfredo Hermenegildo 210 $aPalma de Mallorca$cOlañeta$d1995 215 $a308 p.$d24 cm 225 1 $aOro viejo$v2 610 0 $aFeste popolari$aSpagna$aSec. 16.-17.$aRappresentazioni teatrali 610 0 $aTeatro popolare$aSpagna$aSec. 16.-17.$aPersonaggi 676 $a862.309 700 1$aHermenegildo,$bAlfredo$0163399 801 0$aIT$bUNINA$gRICA$2UNIMARC 901 $aBK 912 $a990005823010403321 952 $a862.309 HER 1$bDip.f.m.8698$fFLFBC 959 $aFLFBC 996 $aJuegos dramáticos de la locura festiva$9567398 997 $aUNINA LEADER 01757nam--2200565---450 001 990000442340203316 005 20180308150855.0 010 $a88-7104-419-3 035 $a0044234 035 $aUSA010044234 035 $a(ALEPH)000044234USA01 035 $a0044234 100 $a20010511d1992----km-y0itay0103----ba 101 $aita 102 $aIT 105 $a||||||||001yy 200 1 $a<> calcio e il suo pubblico$fa cura di Pierre Lanfranchi 210 $aNapoli$cEdizioni scientifiche italiane$d1992 215 $a392 p.$cill.$d24 cm 225 2 $aTraguardi culture dello sport$v1 410 $12001$aTraguardi culture dello sport$v1 410 $12001$aTraguardi culture dello sport 461 1$1001-------$12001 606 0 $aCalcio $yEuropa$xSaggi 676 $a796.334094 702 1$aLANFRANCHI,$bPierre 801 0$aIT$bsalbc$gISBD 912 $a990000442340203316 951 $aII.5. 1066(VARIE 413)$b108935 LM$cVARIE 951 $aII.5. 1066a(VARIE 413A)$b108933 L.M.$cVarie 951 $aII.5. 1066b(VARIE 413bis)$b108934 l.M.$cVarie 951 $a1089$bDBC$c1089 951 $aCC 796.3 CAL$b142 FIL 959 $aBK 969 $aUMA 969 $aDBC 969 $aFIL 979 $aPATTY$b90$c20010511$lUSA01$h1728 979 $c20020403$lUSA01$h1652 979 $aPATRY$b90$c20040406$lUSA01$h1631 979 $aCOPAT2$b90$c20050217$lUSA01$h1504 979 $aDBC$b90$c20080414$lUSA01$h1409 979 $aDBC$b90$c20091007$lUSA01$h0955 979 $aDBC$b90$c20091007$lUSA01$h1007 979 $c20121027$lUSA01$h1542 979 $c20121027$lUSA01$h1603 979 $c20121027$lUSA01$h1610 996 $aCalcio e il suo pubblico$9510011 997 $aUNISA DEB $aSA0000060